00277nam a22001097a 4500020001800000082001700018100001800035245005200053260003600105300000700141650001900148 a9788189524326 a303.372bFRA aFraser, Nancy aSocial Justice in the age of Identity Political aNew DelhibCritical Questc2008 a48 aSocial Justice